Hole's human anatomy & physiology
Assuming no prior science knowledge, this book supports main concepts with clinical applications, making them more relevant to students pursuing careers in the allied health field.
Đã lưu trong:
| Tác giả chính: | |
|---|---|
| Định dạng: | Sách |
| Ngôn ngữ: | Undetermined |
| Được phát hành: |
New York, NY
McGraw-Hill
2019
|
| Những chủ đề: | |
| Các nhãn: |
Thêm thẻ
Không có thẻ, Là người đầu tiên thẻ bản ghi này!
|
| Thư viện lưu trữ: | Trung tâm Học liệu Trường Đại học Cần Thơ |
|---|
| LEADER | 00788nam a2200205Ia 4500 | ||
|---|---|---|---|
| 001 | CTU_227349 | ||
| 008 | 210402s9999 xx 000 0 und d | ||
| 020 | |c 1246000 | ||
| 082 | |a 612 | ||
| 082 | |b S555 | ||
| 100 | |a Shier, David | ||
| 245 | 0 | |a Hole's human anatomy & physiology | |
| 245 | 0 | |c David Shier, Jackie Butler, Ricki Lewis | |
| 260 | |a New York, NY | ||
| 260 | |b McGraw-Hill | ||
| 260 | |c 2019 | ||
| 520 | |a Assuming no prior science knowledge, this book supports main concepts with clinical applications, making them more relevant to students pursuing careers in the allied health field. | ||
| 650 | |a Giải phẩu người,Sinh lý học người,Human anatomy,Human physiology | ||
| 910 | |b nthai | ||
| 980 | |a Trung tâm Học liệu Trường Đại học Cần Thơ | ||